Pumps selection systems and applications (Record no. 12411)

MARC details
000 -LEADER
fixed length control field 00239nam a22001097a 4500
082 ## - DEWEY DECIMAL CLASSIFICATION NUMBER
Classification number WAR
100 ## - MAIN ENTRY--AUTHOR NAME
Personal name Warring R H
245 ## - TITLE STATEMENT
Title Pumps selection systems and applications
260 ## - PUBLICATION, DISTRIBUTION, ETC. (IMPRINT)
Place of publication England
Name of publisher Trade
Year of publication 1979
300 ## - PHYSICAL DESCRIPTION
Number of Pages 279
942 ## - ADDED ENTRY ELEMENTS (KOHA)
Koha item type Books
Holdings
Withdrawn status Lost status Home library Current library Date acquired Cost, normal purchase price Full call number Accession Number Koha item type
    Seminar Library, Mechanical Engg. Seminar Library, Mechanical Engg. 23/02/2015 375.00 WAR 7390 Books